Visualizzazione normale
Vista MARC
- Norman Monty
di Personal Name
Records bibliografici associati: 1
001 - CONTROL NUMBER
- control field: 25979
003 - CONTROL NUMBER IDENTIFIER
- control field: IT-RoPau
005 - DATE AND TIME OF LATEST TRANSACTION
- control field: 20140521160249.0
008 - FIXED-LENGTH DATA ELEMENTS
- fixed length control field: 140521|| aca||aabn | a|a d
040 ## - CATALOGING SOURCE
- Original cataloging agency: IT-RoPau
- Transcribing agency: IT-RoPau
100 ## - HEADING--PERSONAL NAME
- Personal name: Norman Monty
- Dates associated with a name: Codice autore SPICS: 20368
- Relator term: Autore
- Name of part/section of a work: James & Felix On Their Way To Church - Sanchez Is in the Bahamas/Shark Fishing - Ninja - Licence Revoked - Pam
670 ## - SOURCE DATA FOUND
- Source citation: Work cat.: (IT-RoPau)100015: AA.VV. 794, Licence To Kill (The James Bond 007 Original Motion Picture Soundtrack Album)